Savci /

Hlavní autor: Reichholf, Josef, 1945-
Další autoři: Wendler, Fritz, 1941-1995, Kotyk, Arnošt, 1930-2020, Mallotová, Helena, 1944-
Jazyk: Čeština
Vydáno: V Praze : Knižní klub, 2006
Vydání: Vyd. 2.
Edice: Průvodce přírodou (Euromedia Group - Knižní klub)
Témata:
Fyzický popis: 287 s. : il. (převážně barev.), mapy ; 20 cm
Knihy
Uloženo v:
LEADER 01782nam a2200517 a 4500
001 nkc20061659356
003 CZ PrNK
005 20071030081521.0
007 ta
008 060613s2006 xr ab e f 001 0 cze
015 |a cnb001659356 
020 |a 80-242-1637-X  |q (váz.) :  |c Kč 239,00 
035 |a (OCoLC)36610147 
040 |a BOA001  |b cze  |d ABA001 
041 1 |a cze  |h ger 
043 |a e------ 
072 7 |a 59  |x Zoologie  |2 Konspekt  |9 2 
080 |a 599  |2 MRF 
080 |a 591.9  |2 MRF 
080 |a (4)  |2 MRF 
080 |a (084.42)  |2 MRF 
100 1 |a Reichholf, Josef,  |d 1945-  |7 jn19990009690  |4 aut 
245 1 0 |a Savci /  |c Josef Reichholf ; kresby Fritz Wendler ; [z německého originálu ... přeložili Arnošt Kotyk a Helena Mallotová] 
250 |a Vyd. 2. 
260 |a V Praze :  |b Knižní klub,  |c 2006 
300 |a 287 s. :  |b il. (převážně barev.), mapy ;  |c 20 cm 
490 1 |a Průvodce přírodou 
500 |a Latinské názvosloví 
504 |a Obsahuje bibliografii a rejstřík 
650 0 7 |a savci  |7 ph116109  |2 czenas 
650 0 7 |a fauna  |7 ph114529  |z Evropa  |2 czenas 
650 0 9 |a mammals  |2 eczenas 
650 0 9 |a animals  |z Europe  |2 eczenas 
655 7 |a atlasy  |7 fd131835  |2 czenas 
655 9 |a atlases  |2 eczenas 
700 1 |a Wendler, Fritz,  |d 1941-1995  |7 jn20000605563  |4 ill 
700 1 |a Kotyk, Arnošt,  |d 1930-2020  |7 jk01062218  |4 trl 
700 1 |a Mallotová, Helena,  |d 1944-  |7 jo2002111929  |4 trl 
765 0 |t Säugetiere  |9 Česky 
830 0 |a Průvodce přírodou (Euromedia Group - Knižní klub)  |0 s 
910 2 |a BOA001  |b 2-1170.833 
928 9 |a Euromedia Group - Knižní klub 
990 |a BK 
995 |a 01 
991 |b 200607  |c NOV 
996 6 |b 2610283659  |c 2-1170.833  |l MZK  |r Sklad / do 1 hodiny  |n 1  |p p.v.  |w 000819491  |u 000010  |a 1  |e BOA001  |j MZK50  |s P